| 000 | 00717cam a22002291 4500 | ||
|---|---|---|---|
| 001 | 11231 | ||
| 003 | BD-RjUL | ||
| 005 | 20211208235107.0 | ||
| 008 | 140126s1955 nyua 000 0 eng | ||
| 035 | _a(BD-RjUL) | ||
| 040 |
_aDLC _cDLC _d(BD-RjUL) _beng |
||
| 041 | _aeng | ||
| 082 | 0 | 0 |
_a537.5 _bSMD 1955 |
| 100 | 1 |
_aSmyth, Charles Phelps, _d1895- _934748 |
|
| 245 | 1 | 0 |
_aDielectric behavior and structure : _bdielectric constant and loss, dipole moment and molecular structure / _cCharles Phelps Smyth |
| 260 |
_aNew York : _bMcGraw-Hill, _c1955. |
||
| 300 |
_a441 p. : _billus. ; _c24 cm. |
||
| 490 | 0 | _aInternational chemical series | |
| 650 | 0 |
_aDielectrics. _910798 |
|
| 942 |
_2ddc _cBK |
||
| 999 |
_c11231 _d11231 |
||